Statistiques concernant Quiz sur le Chili

Cliquez ici pour prendre le quiz!

Statistiques générales

  • Ce quiz a été pris 5 709 fois
  • Le résultat moyen est 14 sur 20

Statistiques - réponses

QuestionRéponse% Correct
Pays frontaliersArgentine
99%
Langue officielleEspagnol
99%
Pays frontaliersPérou
97%
CapitaleSantiago
96%
Pays frontaliersBolivie
95%
En 1960, le Chili a enregistré le plus fort ___ de
tous les temps, ayant atteint une magnitude de 9.5
Séisme
89%
Chaîne de montagnes qui traverse le ChiliAndes
86%
Devise monétairePeso
86%
Île du Pacifique, aussi appelée Rapa Nui,
mondialement connue pour ses moaï
Île de {Pâques}
81%
Archipel situé au sud du paysTerre de {Feu}
79%
État des États-Unis dont le drapeau
ressemble fortement au drapeau chilien
Texas
71%
Dictateur du Chili de 1973 à 1990Augusto Pinochet
65%
Point le plus au sud (un cap célèbre)Cap {Horn}
62%
Anciennes vallées glacières gorgées d'eau
que l'on trouve au Chili comme en Norvège
Fjords
62%
Poète qui a reçu le Prix Nobel de Littérature en 1971
et a probablement été assassiné pendant la dictature
{Pablo} Neruda
57%
Métal qui représente 60% des exportations du ChiliCuivre
54%
Détroit qui sépare ces îles du reste du continentDétroit de {Magellan}
54%
Désert le plus aride du mondeDésert d'Atacama
39%
Guerre lors de laquelle le Chili a annexé le
littoral du dernier pays de cette liste
Guerre du {Pacifique}
22%
Plus haut volcan du monde (6893 mètres d'altitude)Nevado Ojos del {Salado}
11%

Distribution des résultats

Percentile par nombre de réponses

% des personnes avec chaque résultat

Votre développement - résultats

Vous n’avez pas pris ce quiz